| 000 | 00548nam a2200193Ia 4500 | ||
|---|---|---|---|
| 005 | 20250923145123.0 | ||
| 008 | 008 250917s9999 xx 000 0 eng d | ||
| 037 | _aTextual | ||
| 040 |
_aDSWL _beng _cDSWL |
||
| 041 |
_aeng _2eng |
||
| 084 |
_aL7:4:641, N44 _qDSWL |
||
| 100 |
_aNoyes, A.P. _9831963 |
||
| 245 | 0 |
_aTB of Psychiatry _cby A.P. Noyes |
|
| 260 |
_aNew York _b Macmillan Co. _c1940 |
||
| 300 | _axvi,242 p. | ||
| 700 |
_aE.M. Hayden _9831964 |
||
| 942 |
_cTEXL _hL7:4:641, N44 |
||
| 999 |
_c1447397 _d1447397 |
||